000 00803nam a2200253Ia 4500
003 OSt
005 20220930062504.0
006 a|||||r|||| 00| 0
007 ta
008 220926b |||||||| |||| 00| 0 eng d
024 _a1174
037 _cTheses
040 _aCRL
_cCRL
_beng
041 _2eng
_aeng
100 _aKavathekar Ajit Kumar
_9521304
110 _aUniversity of Delhi. Faculty of Science. Department of Botany
245 0 _aStudies on origin, development and dormancy of embryoids of Eschscholzia californica
260 _c1974
650 _aBOTANY
700 _a Prof P S Ganpathy Supervisor
700 _aUniversity of Delhi. Faculty of Science. Department of Botany
942 _cDIS
_2CC
999 _c855587
_d855587